| 000 | 01210nam a2200217Ia 4500 | ||
|---|---|---|---|
| 003 | Ost | ||
| 005 | 20260416102400.0 | ||
| 008 | 260416s9999||||xx |||||||||||||| ||und|| | ||
| 040 | _cfsecg | ||
| 041 | _aara | ||
| 082 | _a519.53 | ||
| 100 |
_aزاوي، عقيلة _eمؤلف |
||
| 245 | 0 |
_a الإحصاء الوصفي : _bالمستوى : طلبة السنة الثانية ليسانس / _c عقيلة زاوي |
|
| 260 |
_aالجزائر _bجامعة الجزائر3: كلية العلوم الإقتصادية، العلوم التجارية وعلوم التسيير _c2022 |
||
| 300 |
_a110 ورقة _bايضاحات _c30 سم |
||
| 504 | _aالمراجع ص.110 | ||
| 520 | _aمدخل الى علم الاحصاء الوصفي ، العرض الجدولي ، العرض البياني ، خصائص النزعة المركزية ، مقاييس التشتت ، مقاييس الشكل ، الانحدار الخطي البسيط ، الانحدار و الارتباط . | ||
| 653 | _aالاحصاء الوصفي | ||
| 710 |
_aجامعة الجزائر3: كلية العلوم الإقتصادية، العلوم التجارية وعلوم التسيير _eناشر علمي |
||
| 942 | _cHANDOUT | ||
| 999 |
_c41365 _d41365 |
||